Managing the Development of Innovative and Start-up Forms of Businesses and Verification of INMARK Concept

Na minha lista:
Detalhes bibliográficos
Autor principal: Mura, Ladislav, 1979-
Autor Corporativo: Centre of Sociological Research
Outros Autores: Krchová, Hana, Chovanová Supeková, Soňa, Mikoláš, Zdeněk, Poór, József, Qineti, Artan
Formato: Livro
Idioma:inglês
Publicado em: Szczecin Centre of Sociological Research 2021
Edição:1st Edition
Assuntos:
Tags: Adicionar Tag
Sem tags, seja o primeiro a adicionar uma tag!

MARC

LEADER 00000nlm a2200000 4500
001 0304173
005 20260205083327.4
020 |a 978-83-963452-2-6 
041 0 |a eng 
044 |a PL 
245 1 0 |a Managing the Development of Innovative and Start-up Forms of Businesses and Verification of INMARK Concept  |c Ladislav Mura, Hana Krchová, Soňa Chovanová Supeková ; Reviewers: Zdeněk Mikoláš, József Poór, Artan Qineti 
250 |a 1st Edition 
264 1 |a Szczecin  |b Centre of Sociological Research  |c 2021 
300 |a 131 s. [6,55 AH] 
610 2 0 |a rozvoj podniku 
610 2 0 |a riadenie podnikové 
610 2 0 |a start-up 
610 2 0 |a podnikanie 
610 2 0 |a podnik malý 
610 2 0 |a podnik stredný 
610 2 0 |a marketing medzinárodný 
610 2 0 |a digitalizácia 
100 1 |a Mura, Ladislav, 1979- 
700 1 |a Krchová, Hana 
700 1 |a Chovanová Supeková, Soňa 
700 1 |a Mikoláš, Zdeněk 
700 1 |a Poór, József 
700 1 |a Qineti, Artan 
710 2 |a Centre of Sociological Research